|
|
|
|
| LEADER |
00000nam0a2200000 4500 |
| 001 |
73859 |
| 005 |
20231101212728.0 |
| 010 |
|
|
|a 5900521109
|
| 035 |
|
|
|a (RuTPU)RU\TPU\book\78792
|
| 090 |
|
|
|a 73859
|
| 100 |
|
|
|a 20050224d1994 km y0rusy50 ca
|
| 101 |
0 |
|
|a rus
|
| 102 |
|
|
|a RU
|
| 105 |
|
|
|a y z 001zy
|
| 200 |
1 |
|
|a Novell DOS 7.0 with personal NetWare
|f под ред. Н. В. Слюняева
|
| 210 |
|
|
|a Обнинск
|c Элис
|d 1994
|
| 215 |
|
|
|a 448 с.
|
| 320 |
|
|
|a Словарь терминов и понятий: с. 418-434
|
| 606 |
1 |
|
|a Система Novell Net Ware
|2 stltpush
|3 (RuTPU)RU\TPU\subj\54965
|9 73038
|
| 610 |
1 |
|
|a операционные системы
|
| 610 |
1 |
|
|a DOS
|
| 610 |
1 |
|
|a управление
|
| 610 |
1 |
|
|a жесткие диски
|
| 610 |
1 |
|
|a безопасность
|
| 610 |
1 |
|
|a сетевые ресурсы
|
| 610 |
1 |
|
|a защита
|
| 610 |
1 |
|
|a вирусы
|
| 675 |
|
|
|a 681.3.066
|v 3
|
| 702 |
|
1 |
|a Слюняев
|b Н. В.
|4 340
|
| 801 |
|
1 |
|a RU
|b 63413507
|c 20050224
|g PSBO
|
| 801 |
|
2 |
|a RU
|b 63413507
|c 20230629
|g RCR
|
| 942 |
|
|
|c BK
|